| 000 | 00764cam a22002533a 4500 | ||
|---|---|---|---|
| 001 | 6706 | ||
| 003 | PGUSA | ||
| 005 | 20140828083136.0 | ||
| 008 | 041001s2004||||xxu|||||s|||||000 | eng d | ||
| 040 |
_aPGUSA _beng |
||
| 042 | _adc | ||
| 050 | 4 | _aF001 | |
| 100 | 1 |
_aAdams, Brooks, _d1848-1927 |
|
| 245 | 1 | 4 |
_aThe Emancipation of Massachusetts _h[electronic resource] / _cBrooks Adams |
| 260 |
_bProject Gutenberg, _c2004 |
||
| 506 | _aPublic domain in the USA. | ||
| 516 | _aElectronic text | ||
| 653 | _aMassachusetts -- Church history | ||
| 653 | _aPuritans -- Massachusetts | ||
| 653 | _aMassachusetts -- History -- Colonial period, ca. 1600-1775 | ||
| 830 | 0 |
_aProject Gutenberg _v6706 |
|
| 856 | 4 | 0 | _uhttp://www.gutenberg.org/ebooks/6706 |
| 942 | _cEB | ||
| 999 |
_c236026 _d236026 |
||